000 00481nam a2200181Ia 4500
005 20250508160424.0
008 008 250505s9999 xx 000 0 eng d
037 _aTextual
040 _aFEDL
_beng
_cFEDL
041 _aeng
_2eng
084 _a373, BRU
_qFEDL
100 _aBurce George
_9768459
245 0 _aSecondary school examinations
260 _aOxford
_bPergamon Press
_c1969
300 _a152p.
942 _cTEXL
_h373, BRU
999 _c1364512
_d1364512